000 01677cam a2200409 i 4500
001 18033126
003 OSt
005 20260615163022.0
008 140206s2014 ilu b 000 0deng
010 _a 2013034666
020 _a9781433541025
_qhardcover
020 _a1433541025
_qhardcover
020 _z9781433541056 (ePub)
020 _z9781433541032 (PDF)
020 _z9781433541049 (Mobipocket)
035 _a18033126
040 _aDLC
_beng
_cDLC
_erda
_dDLC
042 _apcc
050 1 0 _aBV4253
_b.L555 2014
082 0 0 _a252/.058
_223
100 1 _aLloyd-Jones, David Martyn.
240 1 0 _aSermons.
_kSelections
245 1 4 _aThe Christ-centered preaching of Martyn Lloyd-Jones :
_bclassic sermons for the church today /
_cMartyn Lloyd Jones ; edited by Elizabeth Catherwood and Christopher Catherwood.
264 1 _aWheaton, Illinois :
_bCrossway,
_c2014.
300 _a277 pages ;
_c23 cm
336 _atext
_btxt
_2rdacontent
337 _aunmediated
_bn
_2rdamedia
338 _avolume
_bnc
_2rdacarrier
504 _aIncludes bibliographical references (pages 275-276).
583 _aCataloguing:
_c20260615
_kgtanuigtanui
650 0 _aSermons, English
_y20th century.
700 1 _aCatherwood, Elizabeth,
_eeditor of compilation.
776 0 8 _iOnline version:
_aLloyd-Jones, David Martyn.
_tChrist-centered preaching of Martyn Lloyd-Jones
_dWheaton : Crossway, 2014
_z9781433541032
_w(DLC) 2014008638
906 _a7
_bcbc
_corignew
_d1
_eecip
_f20
_gy-gencatlg
942 _2lcc
_cBK
999 _c21675
_d21674